00589nam a2200169Ia 4500008004000000020001800040082001500058100002900073245007000102260004000172300001300212650001200225690002500237906001100262999001900273952012700292210210b1991 xxu||||| |||| 00| 0 eng d a81 7100 746 5 a658.3 BHAS aBHATIA (B S) and others. aStudies in human resource development. 3V.V2-emerging dimensions. aN DbDeep & Deep Publicationsc1991 axiii,318 aH R D  aPersonnel Management a052434 c101022d101022 001040738ManagementaALbALcManagementd2021-02-17g410.00l0o658.3 BHASp052434r2021-02-17 00:00:00w2021-02-17yBK